[Event "23rd EYCC Open U16 2013"]
[Site "Budva MNE"]
[Date "2013.09.29"]
[Round "1.21"]
[White "Salomon,J"]
[Black "Chistiakov,Mihail"]
[Result "1-0"]
[WhiteElo "2234"]
[BlackElo "1927"]

1.e4 c5 2.Nf3 Nc6 3.Bb5 d6 4.O-O Bd7 5.c3 a6 6.Ba4 Nf6 7.Re1 Bg4 8.h3 Bh5
9.Bxc6+ bxc6 10.d4 cxd4 11.cxd4 Bxf3 12.Qxf3 e5 13.dxe5 dxe5 14.Bg5 Be7 15.Qc3 Qc7
16.Nd2 Rb8 17.Rac1 O-O 18.Bxf6 Bxf6 19.Nb3 Rb6 20.Qa5 Rfb8 21.Rc4 Be7 22.Rec1 Bd6
23.Qc3 Rc8 24.Na5 c5 25.Nb3 h6 26.Rd1 f6 27.Qd3 Kh8 28.Rdc1 Qd8 29.Qc3 Qe7
30.Nd2 Rcb8 31.b3 Qb7 32.Nf1 Rb4 33.Ne3 Bf8 34.Nd5 Rxc4 35.Qxc4 Qb5 36.Nc7 Qa5
37.Qf7 Qd2 38.Rf1 Qd6 39.Ne8 Qe7 40.Qxe7 Bxe7 41.Nc7 Bd6 42.Nd5 c4 43.Rb1 Bc5
44.b4 Bd4 45.Kf1 a5 46.b5 a4 47.Ke2 a3 48.Ne3 Bb2 49.Nxc4 Rxb5 50.Nxa3 Rb4
51.Nc2 Rb6 52.Ne3 Bd4 53.Rxb6 Bxb6 54.Nd5 Bd4 55.Ne7 Bc5 56.Nd5 Kg8 57.a4 Kf7
58.a5 Ke6 59.a6 Kd6 60.f4 f5 61.Nc3 exf4 62.exf5 Kc6 63.Kf3 Bd4 64.Ne2 Bb2
65.Nxf4 Kb6 66.Kg4 Kxa6 67.Kh5 Kb7 68.Kg6 Kc6 69.Ne6  1-0

[Event "12th Forchheim Open A 2013"]
[Site "Forchheim GER"]
[Date "2013.09.29"]
[Round "5.18"]
[White "Wagner,Fl"]
[Black "Karasek,Christian"]
[Result "1-0"]
[WhiteElo "2203"]
[BlackElo "2058"]

1.e4 c5 2.Nf3 Nc6 3.Bb5 Qc7 4.O-O Nf6 5.Re1 a6 6.Bf1 d6 7.h3 g6 8.c3 Bg7
9.d4 O-O 10.d5 Nd8 11.Bf4 Nd7 12.Nbd2 b5 13.a4 Rb8 14.axb5 axb5 15.Qc2 c4
16.Nd4 e5 17.dxe6 fxe6 18.Bg3 e5 19.Nxb5  1-0

[Event "Kolomenskaya versta IM 2013"]
[Site "Kolomna RUS"]
[Date "2013.09.29"]
[Round "1"]
[White "Nozdrachev,L"]
[Black "Klyuev,A"]
[Result "0-1"]
[WhiteElo "2433"]
[BlackElo "2259"]

1.e4 c5 2.Nf3 Nc6 3.Bb5 g6 4.O-O Bg7 5.Re1 Nf6 6.e5 Nd5 7.Nc3 Nc7 8.Bxc6 dxc6
9.Ne4 b6 10.Nf6+ Kf8 11.Ne4 Bg4 12.d3 Bxe5 13.Nxe5 Bxd1 14.Nxc6 Bxc2 15.Bh6+ Kg8
16.Nxd8 Rxd8 17.b4 f6 18.Nxc5 Kf7 19.Rac1 bxc5 20.Rxc2 Na6 21.bxc5 Nb4 22.Rce2 Rhe8
23.Rb1 Rxd3 24.h4 Nc6 25.Rb7 Ra3 26.Rd2 Rd8 27.Re2 Ra6 28.f3 Rd5 29.Rc7 Rxc5
30.Rc8 e5 31.Rd2 Rc1+ 32.Kh2 Rc4 33.Kg3 Rd4 34.Rc7+ Ke6 35.Rb2 Ne7 36.Bf8 Nf5+
37.Kf2 Rd7 38.Rxd7 Kxd7 39.a3 Rb6 40.Rd2+ Nd6 41.g4 Ke6 42.Rc2 Kd7 43.Rd2 Ra6
44.h5 gxh5 45.gxh5 Ke6 46.Rd3 Nf5 47.Rb3 Rb6 48.Rc3 Rb2+ 49.Ke1 Nd4 50.Bc5 a5
51.Bxd4 exd4 52.Rc5 Rb3 53.Rxa5 Rxf3 54.Ra7 h6 55.Kd2 Ke5 56.a4 Ra3 57.a5 Ke4
58.Re7+ Kf5 59.Ra7 Kg5 60.Ke2 Kxh5 61.Rd7 Rxa5 62.Rxd4 Rf5 63.Rd8 Kg6 64.Ra8 h5
65.Rb8 h4 66.Rg8+ Kh5 67.Rh8+ Kg4 68.Rg8+ Kh3 69.Ke3 Kh2 70.Ke4 Rf1  0-1

[Event "23rd EYCC Open U16 2013"]
[Site "Budva MNE"]
[Date "2013.09.30"]
[Round "2.22"]
[White "Ostapchik,Anton"]
[Black "Stremavicius,T"]
[Result "0-1"]
[WhiteElo "1900"]
[BlackElo "2288"]

1.e4 c5 2.Nf3 Nc6 3.Bb5 g6 4.Bxc6 bxc6 5.d3 Bg7 6.O-O d6 7.Nc3 Nh6 8.h3 O-O
9.Be3 f6 10.Qd2 Nf7 11.Nh2 e5 12.f4 Qe7 13.Kh1 Bd7 14.Nf3 Rae8 15.fxe5 fxe5
16.Rf2 h6 17.Nh2 Be6 18.Na4 c4 19.dxc4 Bxc4 20.b3 Bb5 21.Qa5 Qd8 22.Qxd8 Rxd8
23.Nc3 Rd7 24.Nxb5 cxb5 25.c4 bxc4 26.bxc4 Rc8 27.Rc1 Rdc7 28.Rfc2 Nd8 29.Ng4 Kh7
30.Nf2 Bf6 31.Nd3 Ne6 32.Nb4 Bg5 33.Bxg5 Nxg5 34.c5 Rxc5 35.Rxc5 Rxc5 36.Rxc5 dxc5
37.Nd3 Nxe4 38.Nxe5 Kg7 39.Nc6 c4 40.g4 Kf6 41.Kg2 c3 42.Nb4 Ke5 43.Kf3 a5
44.Nc6+ Kd5 45.Ne7+ Kc4 46.Nc6 c2 47.Nxa5+ Kd5 48.Nb3 Nd2+  0-1

[Event "Oslo Int Open 2013"]
[Site "Oslo NOR"]
[Date "2013.09.30"]
[Round "2"]
[White "Raghavi,N"]
[Black "Agdestein,S"]
[Result "0-1"]
[WhiteElo "2174"]
[BlackElo "2595"]

1.e4 c5 2.Nf3 Nc6 3.Bb5 e6 4.Bxc6 bxc6 5.b3 Ne7 6.e5 Ng6 7.h4 d6 8.Bb2 Nxe5
9.Nxe5 dxe5 10.Qg4 f6 11.Na3 Qd7 12.Nc4 Ba6 13.d3 Bxc4 14.Qxc4 Rb8 15.Bc3 Qd5
16.Qg4 Kf7 17.O-O-O h5 18.Qa4 Be7 19.Rhg1 Qd7 20.g4 Rb4 21.Bxb4 cxb4 22.d4 e4
23.g5 fxg5 24.hxg5 Kg6 25.Qa6 Rf8 26.Qe2 Qd5 27.Kb1 Rf4 28.Rg2 h4 29.Rg4 Qf5
30.Rxf4 Qxf4 31.Qc4 Qd6 32.Re1 Qd5 33.Qe2 Bxg5 34.Qg4 Qf5 35.Qg2 Qf3 36.Qh2 Bf6
37.Rg1+ Kh7 38.Re1 c5 39.Qd6 Qxf2 40.Rc1 Qxd4 41.Qxd4 cxd4 42.a3 bxa3 43.Ka2 Be7
44.Re1 e3 45.c3 e5 46.b4 Bg5  0-1

[Event "23rd EYCC Open U18 2013"]
[Site "Budva MNE"]
[Date "2013.10.01"]
[Round "3.25"]
[White "Saraci,Nderim"]
[Black "Abbasov,Amil1"]
[Result "1-0"]
[WhiteElo "1972"]
[BlackElo "2237"]

1.e4 c5 2.Nf3 Nc6 3.Bb5 g6 4.O-O Bg7 5.c3 e5 6.d3 Nge7 7.a3 O-O 8.Bc4 d5
9.exd5 Nxd5 10.b4 cxb4 11.axb4 Nb6 12.Bb3 Bf5 13.b5 Ne7 14.d4 e4 15.Ne5 Qc7
16.Bf4 Ned5 17.Bg3 Qe7 18.c4 Nb4 19.Nc3 Nd7 20.Nxd7 Qxd7 21.Be5 Bxe5 22.dxe5 Qe6
23.Qd4 Rfd8 24.Nd5 a5 25.Rfd1 Nd3 26.f3 exf3 27.Rxd3 Bxd3 28.Qxd3 Qxe5 29.Rf1 a4
30.Ba2 fxg2 31.Kxg2 f5 32.Rf2 Re8 33.c5 Kg7 34.Rc2 f4 35.Qc3 Qxc3 36.Nxc3 Ra5
37.Nd5 f3+ 38.Kxf3 Rxb5 39.Nc7 Rf8+ 40.Ke2 Rb4 41.Ne6+ Kg8 42.Nxf8+ Kxf8
43.Kd3 Ke8 44.Kc3 Re4 45.Bd5 Re7 46.Ra2 Kd8 47.Rxa4 Kc8 48.Kd4 Kc7 49.Rb4 Kc8
50.Rb6 Rc7 51.Rf6 Re7 52.Rf7 Rxf7 53.Bxf7 Kc7 54.Kd5 g5 55.Bh5 Kd7 56.Bf3 Kc7
57.Kc4 g4 58.Be4 h5 59.Kb5 h4 60.Bf5 g3 61.hxg3 hxg3 62.Be4 g2 63.Bxg2 Kc8
64.Kb6 Kb8 65.Bd5  1-0

[Event "23rd EYCC Open U18 2013"]
[Site "Budva MNE"]
[Date "2013.10.01"]
[Round "3.9"]
[White "Chigaev,M"]
[Black "Johansson,Linus"]
[Result "1-0"]
[WhiteElo "2480"]
[BlackElo "2321"]

1.e4 c5 2.Nf3 Nc6 3.Bb5 d6 4.d4 cxd4 5.Qxd4 Bd7 6.Qd3 Nf6 7.c4 a6 8.Bxc6 Bxc6
9.Nc3 g6 10.O-O Bg7 11.h3 O-O 12.Be3 Qa5 13.Nd4 Rfc8 14.Rac1 Nd7 15.Rfd1 Kf8
16.b3 Rab8 17.Qd2 b5 18.cxb5 axb5 19.Bh6 Nf6 20.Qg5 Bxe4 21.Nxe4 Nxe4 22.Rxc8+ Rxc8
23.Bxg7+ Kxg7 24.Qxe7 Nc5 25.Qxd6 Qxa2 26.Qe5+ Kg8 27.Nc6 Nd3 28.Rxd3 Qb1+
29.Kh2 Qxd3 30.Ne7+ Kf8 31.Nxc8 Qxb3 32.Qh8+  1-0

[Event "TCh-Moscow GpA 2013"]
[Site "Moscow RUS"]
[Date "2013.10.01"]
[Round "7.3"]
[White "Gluhovsky,Mark"]
[Black "Reshetnikov,Al"]
[Result "0-1"]
[WhiteElo "2211"]
[BlackElo "2497"]

1.e4 c5 2.Nf3 Nc6 3.Bb5 e6 4.O-O Nge7 5.Re1 a6 6.Bf1 d5 7.exd5 Qxd5 8.Nc3 Qd8
9.a4 Nf5 10.Ne4 Be7 11.Bc4 O-O 12.Ra3 Qc7 13.Ng3 Nfd4 14.Rae3 b5 15.Ba2 Bb7
16.c3 Nxf3+ 17.Rxf3 Rad8 18.Qe2 Na5 19.Ne4 bxa4 20.Rg3 c4 21.d4 cxd3 22.Rxd3 Rxd3
23.Qxd3 Rd8 24.Qe2 Nb3 25.Bg5 Bxg5 26.Nxg5 Qf4 27.Nf3 Bxf3 28.Qxf3 Qd2 29.Qe4 Nc5
30.Qe3 Qxe3 31.fxe3 Rd2 32.Rb1 Nd3 33.Bc4 Nxb2 34.Bxa6 Rd1+  0-1

[Event "Kolomenskaya versta IM 2013"]
[Site "Kolomna RUS"]
[Date "2013.10.02"]
[Round "6"]
[White "Klyuev,A"]
[Black "Odnorozhenko,E"]
[Result "1-0"]
[WhiteElo "2259"]
[BlackElo "2270"]

1.e4 c5 2.Nf3 Nc6 3.Bb5 d6 4.Bxc6+ bxc6 5.O-O e5 6.c3 f5 7.exf5 Bxf5 8.d4 cxd4
9.cxd4 e4 10.Qc2 Nf6 11.Bg5 Be7 12.Bxf6 Bxf6 13.Qxc6+ Kf8 14.Nfd2 d5 15.Nc3 Bxd4
16.Ndxe4 Bxe4 17.Nxe4 Rc8 18.Qa4 Bb6 19.Rad1 h5 20.Qb3 Qe7 21.Qxd5 Rd8 22.Qf5+ Kg8
23.Rxd8+ Qxd8 24.Rc1 Bc7 25.Ng5  1-0

[Event "Grand Open Blagoevgrad 2013"]
[Site "Blagoevgrad BUL"]
[Date "2013.10.04"]
[Round "9.12"]
[White "Veleski,R"]
[Black "Gavrilidis,G"]
[Result "1-0"]
[WhiteElo "2264"]
[BlackElo "2126"]

1.e4 c5 2.Nf3 Nc6 3.Bb5 Na5 4.c3 a6 5.Ba4 b5 6.Bc2 d5 7.O-O Bb7 8.exd5 Qxd5
9.d4 c4 10.Re1 Nf6 11.Bg5 e6 12.Bxf6 gxf6 13.Be4 Qd7 14.Nbd2 Be7 15.Bxb7 Qxb7
16.Qc2 f5 17.b4 cxb3 18.axb3 Qb6 19.d5 Nb7 20.Nd4 Nd8 21.N2f3 O-O 22.Nxf5 Bf6
23.Nh6+ Kg7 24.Ng4 exd5 25.Qd2 Kg8 26.Qh6  1-0

[Event "TCh-CRO II Liga 2013"]
[Site "Primosten CRO"]
[Date "2013.10.04"]
[Round "4.5"]
[White "Malesevic,Elvino"]
[Black "Mlinarevic,I"]
[Result "1-0"]
[WhiteElo "1905"]
[BlackElo "1926"]

1.e4 c5 2.Nf3 Nc6 3.Bb5 Qc7 4.Bxc6 Qxc6 5.Nc3 e6 6.Qe2 d6 7.O-O g6 8.b3 Bg7
9.Bb2 a6 10.Nd1 e5 11.a4 Nf6 12.Nc3 O-O 13.d3 Bg4 14.h3 Bxf3 15.Qxf3 b5 16.Qe3 b4
17.Ne2 d5 18.Bxe5 Rfe8 19.Bxf6 Bxf6 20.Rad1 dxe4 21.dxe4 Qxe4 22.Qxe4 Rxe4
23.Ng3 Re6 24.Rfe1 Rae8 25.Rxe6 Rxe6 26.Kf1 Kf8 27.f3 Ke7 28.Ne2 Rd6 29.Ke1 Kd7
30.Rxd6+ Kxd6 31.Kd2 Kd5 32.Kd3 h6 33.Nf4+ Kc6 34.Kc4 Bh4 35.Nd3 a5 36.Nxc5 Be7
37.Nd3 f6 38.Nf4 g5 39.Ne6 h5 40.Nd4+ Kb6 41.Kd5 Kc7 42.Nc6  1-0

[Event "Reykjavik CC GM 2013"]
[Site "Reykjavik ISL"]
[Date "2013.10.04"]
[Round "4.5"]
[White "Ziska,H"]
[Black "Fedorchuk,S"]
[Result "0-1"]
[WhiteElo "2485"]
[BlackElo "2656"]

1.e4 c5 2.Nf3 Nc6 3.Bb5 e6 4.O-O Nge7 5.Re1 a6 6.Bxc6 Nxc6 7.d4 cxd4 8.Nxd4 d6
9.Nc3 Be7 10.Nxc6 bxc6 11.Qg4 Kf8 12.b3 h5 13.Qf3 e5 14.Na4 Be6 15.c4 Qc7
16.Bb2 f6 17.Qe3 g5 18.Red1 g4 19.Rd2 Kf7 20.Rad1 h4 21.c5 d5 22.Nb6 Rad8
23.exd5 cxd5 24.Nxd5 Qxc5 25.Nxe7 Qxe7 26.f4 gxf3 27.Qxf3 Rdg8 28.Rf1 Kg7
29.Rdf2 Rh6 30.Qe3 Qb7 31.Rf3 Rg6 32.R1f2 Kh7 33.Kf1 Qb5+ 34.Ke1 Qb4+ 35.Bc3 Qe7
36.Qe4 Qc5 37.Qxh4+ Kg7 38.Bd2 Rh8 39.Qe4 Rxh2 40.Qb7+ Bf7 41.Qxa6 Bd5 42.Re3 Rhxg2
43.Rxg2 Rxg2 44.Qd3 Rg1+ 45.Kf2 Rg2+ 46.Ke1 Kf7 47.b4 Qc6 48.Qh7+ Rg7 49.Qh5+ Ke7
50.Rc3 Bc4 51.Be3 Qe4 52.Qf3 Rg1+ 53.Kd2 Rg2+ 54.Ke1 Qb1+ 55.Bc1 Re2+ 56.Kd1 Re4
57.Qg2 Be2+ 58.Kd2 Qxa2+  0-1

[Event "23rd EYCC Open U18 2013"]
[Site "Budva MNE"]
[Date "2013.10.05"]
[Round "6.27"]
[White "Monjac,M"]
[Black "Karlsson,MiJ"]
[Result "1-0"]
[WhiteElo "2147"]
[BlackElo "2068"]

1.e4 c5 2.Nf3 Nc6 3.Bb5 g6 4.Bxc6 dxc6 5.h3 e5 6.d3 f6 7.Be3 Nh6 8.O-O Nf7
9.a4 a5 10.Na3 Be6 11.c3 Qb6 12.Nd2 Rd8 13.Ndc4 Qa6 14.Qe2 b5 15.axb5 cxb5
16.Nd2 Be7 17.c4 Bd7 18.cxb5 Bxb5 19.Nac4 O-O 20.Rxa5 Qb7 21.Rfa1 Rd7 22.R1a3 Qc6
23.Rb3 Rb7 24.Na3 Nd6 25.Rc3 Qb6 26.b4 Bxd3 27.Qxd3 Qxb4 28.Raxc5  1-0

[Event "TCh-AUT 2nd Mitte 2013-14"]
[Site "Fuerstenfeld AUT"]
[Date "2013.10.05"]
[Round "2.2"]
[White "Pilaj,H"]
[Black "Krebs,Jo"]
[Result "1-0"]
[WhiteElo "2355"]
[BlackElo "2255"]

1.Nf3 c5 2.e4 Nc6 3.Bb5 g6 4.Bxc6 dxc6 5.d3 Bg7 6.h3 Nf6 7.Nc3 Nd7 8.O-O e5
9.a3 Nf8 10.b4 Ne6 11.bxc5 Qa5 12.Ne2 O-O 13.Bd2 Qc7 14.Ng5 Nxc5 15.f4 exf4
16.Bxf4 Qe7 17.Rb1 Ne6 18.Nxe6 Bxe6 19.Qd2 b6 20.a4 f5 21.Ng3 Rae8 22.Rbe1 Qd7
23.Kh2 c5 24.a5 b5 25.Bh6 Qc7 26.Bxg7 Kxg7 27.Qc3+ Kg8 28.exf5 Bxf5 29.Qb3+ Kg7
30.Qxb5 Rb8 31.Qc4 Rb4 32.Qd5 Rb2 33.Rf2 Rd8 34.Qe5+ Qxe5 35.Rxe5 Rxd3 36.Rfxf5 Rxg3
37.Kxg3 gxf5 38.Rxc5 Kg6 39.Kf4 Rb4+ 40.c4 Rb2 41.Rc6+ Kf7 42.Kxf5 Rxg2 43.Rc7+ Kg8
44.Rxa7 Rg3 45.h4 Rg6 46.Ke5 Rh6 47.c5 Rxh4 48.c6  1-0

[Event "TCh-AUT 2nd Mitte 2013-14"]
[Site "Fuerstenfeld AUT"]
[Date "2013.10.06"]
[Round "3.1"]
[White "Hera,I"]
[Black "Horvath,Ad1"]
[Result "1-0"]
[WhiteElo "2557"]
[BlackElo "2530"]

1.e4 c5 2.Nf3 Nc6 3.Bb5 e6 4.O-O Nge7 5.Re1 Ng6 6.c3 a6 7.Bf1 Be7 8.d4 cxd4
9.cxd4 d5 10.e5 O-O 11.Nc3 Bd7 12.g3 f6 13.exf6 Bxf6 14.h4 b5 15.a3 Kh8 16.Bg2 Nge7
17.Bh3 Qb6 18.Be3 Rae8 19.h5 Qd8 20.h6 g6 21.Rc1 Ng8 22.Ne5 Nxe5 23.dxe5 Bg5
24.Bxg5 Qxg5 25.Nxd5 Qxh6 26.Nf4 Rxf4 27.gxf4 Qxh3 28.Re3 Qh4 29.Qxd7 Re7
30.Qd8 Qg4+ 31.Rg3 Qxf4 32.Rc8 Rg7 33.Qf6 Qe4 34.Qxe6 h5 35.Rf8 Kh7 36.Rf7 Nh6
37.Rxg7+ Kxg7 38.Qd7+ Kg8 39.Qe8+ Kg7 40.Qe7+ Kh8 41.Qd8+ Kh7 42.Qd7+ Kh8
43.Qd2 Ng4 44.Rc3 Qf5 45.Qd8+ Kh7 46.Rc7+ Kh6 47.Qd2+  1-0

[Event "TCh-AUT 2nd Mitte 2013-14"]
[Site "Fuerstenfeld AUT"]
[Date "2013.10.06"]
[Round "3.5"]
[White "Wiesinger,R"]
[Black "Humer,W"]
[Result "0-1"]
[WhiteElo "2245"]
[BlackElo "2279"]

1.e4 c5 2.Nf3 Nc6 3.Bb5 g6 4.Bxc6 dxc6 5.h3 Bg7 6.d3 Nf6 7.Nc3 O-O 8.Be3 b6
9.Qd2 Re8 10.O-O-O a5 11.Bh6 Bh8 12.Qe3 a4 13.Ne2 Qc7 14.g4 Qa7 15.Ng5 e5
16.Rdg1 b5 17.c3 c4 18.Qxa7 Rxa7 19.d4 exd4 20.Nxd4 Bd7 21.f3 c5 22.Nc2 Bc6
23.h4 Nd7 24.Rd1 Ne5 25.Rd6 Rd7 26.Rxd7 Bxd7 27.Rf1 Nd3+ 28.Kb1 b4 29.cxb4 cxb4
30.Ne3 Nxb2 31.h5 Bb5  0-1

[Event "Frauenbundesliga 2013-14"]
[Site "Germany GER"]
[Date "2013.10.06"]
[Round "2.4"]
[White "Jahn,C"]
[Black "Savina,A"]
[Result "0-1"]
[WhiteElo "2129"]
[BlackElo "2403"]

1.e4 c5 2.Nf3 Nc6 3.Bb5 d6 4.Bxc6+ bxc6 5.h3 e5 6.d3 Be7 7.Nc3 f5 8.exf5 Bxf5
9.Qe2 Nf6 10.Ne4 O-O 11.Ng3 Bd7 12.c4 Ne8 13.Qe4 Rb8 14.b3 Nc7 15.Bd2 Ne6
16.Rd1 Nf4 17.O-O Qc7 18.Kh2 Rbe8 19.Bc3 Qc8 20.Ng1 Bg5 21.Qe1 d5 22.Bb2 Qc7
23.Kh1 h5 24.Ba3 Be7 25.N3e2 Bd6 26.Nxf4 exf4 27.Qd2 f3 28.Nxf3 Bxh3 29.Ng1 Bg4
30.Rde1 Qd8 31.Rxe8 Qh4+ 32.Nh3 Rxe8 33.Qg5 Qxg5 34.Nxg5 Re2 35.d4 Bf4 36.Bc1 Bxg5
37.Bxg5 dxc4 38.dxc5 Rxa2 39.bxc4 Be2 40.Rc1 Ra4 41.Be3 Bxc4 42.Rd1 Bd5 43.Bd4 Rc4
44.Kh2 a5 45.Kg1 a4 46.Kf1 a3 47.Be3 a2 48.Ra1 Rb4 49.Ke2 Rb1 50.Bd4 Rxa1
51.Bxa1 Bxg2 52.f4 h4 53.Kf2 Be4 54.Kg1 Bf5 55.Kg2 Kf7  0-1

[Event "TCh-CRO II Liga 2013"]
[Site "Primosten CRO"]
[Date "2013.10.06"]
[Round "6.4"]
[White "Bajlo,K"]
[Black "Knezovic,Ilija"]
[Result "1-0"]
[WhiteElo "2118"]
[BlackElo "1683"]

1.e4 c5 2.Nf3 Nc6 3.Bb5 a6 4.Bxc6 bxc6 5.O-O d6 6.h3 Nf6 7.Re1 e5 8.c3 Be7
9.d4 cxd4 10.cxd4 exd4 11.Qxd4 O-O 12.Nc3 c5 13.Qd3 h6 14.Bf4 Qb6 15.b3 Bb7
16.Nd2 Rad8 17.Nc4 Qc7 18.Rad1 Rfe8 19.Ne3 Bf8 20.f3 g6 21.Re2 Rd7 22.Red2 Red8
23.Kh1 Nh5 24.Bh2 Bg7 25.Nc4 Be5 26.Bxe5 dxe5 27.Qxd7 Rxd7 28.Rxd7 Ng3+ 29.Kg1 Qc6
30.R1d6 Ne2+ 31.Nxe2 Qb5 32.Rd8+ Kg7 33.Rb6  1-0

[Event "23rd EYCC Open U18 2013"]
[Site "Budva MNE"]
[Date "2013.10.07"]
[Round "8.16"]
[White "Cerbulenco,Liviu"]
[Black "Oganian,M"]
[Result "0-1"]
[WhiteElo "2067"]
[BlackElo "2331"]

1.e4 c5 2.Nf3 Nc6 3.Bb5 d6 4.Bxc6+ bxc6 5.O-O Bg4 6.h3 Bh5 7.e5 e6 8.exd6 Bxd6
9.d3 Nf6 10.Nbd2 O-O 11.Qe1 Nd5 12.a3 Qc7 13.Qe4 Rae8 14.Qh4 Nf4 15.Kh1 f6
16.Nc4 Bxf3 17.gxf3 Ng6 18.Qe4 f5 19.Qe1 Bf4 20.Be3 Qe7 21.Rg1 Bb8 22.Qa5 Qh4
23.Kg2 Qh5 24.Nd2 f4 25.Bxc5 Rf5 26.b4 Nh4+ 27.Kf1 Nxf3 28.Nxf3 Qxf3 29.Re1 Qxh3+
30.Ke2 f3+ 31.Kd2 Qh6+ 32.Kc3 Qf6+ 33.Kb3 Bd6 34.Qxa7 Bxc5 35.bxc5 g6 36.Rh1 h5
37.Rhg1 g5 38.Re4 Qe7 39.Qa6 Qxc5 40.Rb4 Ref8 41.Rb7 g4 42.Qa4 Rf4 43.Qa6 R4f7
44.Rb4 Ra7 45.Qc4 Qd5 46.Kb2 c5 47.Qxd5 exd5 48.Rb5 Rc7 49.d4 Kg7 50.dxc5 Rfc8
51.Rb3 Kh6 52.Re1 Rxc5 53.c3 d4 54.Rb6+ Kg5 55.cxd4 Rc2+ 56.Kb3 Rxf2 57.Re5+ Kh4
58.Rh6 Rd2 59.Rexh5+ Kg3 60.d5 Rd1 61.Rf6 Rc5  0-1

[Event "23rd EYCC Open U16 2013"]
[Site "Budva MNE"]
[Date "2013.10.07"]
[Round "8.10"]
[White "Martins,Dav"]
[Black "Stremavicius,T"]
[Result "0-1"]
[WhiteElo "2171"]
[BlackElo "2288"]

1.e4 c5 2.Nf3 Nc6 3.Bb5 g6 4.O-O Bg7 5.Nc3 d6 6.h3 Bd7 7.a4 Nf6 8.Re1 O-O
9.d3 h6 10.Bc4 e5 11.Nd2 Nh5 12.Nf1 Kh7 13.Ne3 Nf4 14.Ncd5 Ne6 15.c3 f5 16.exf5 gxf5
17.d4 f4 18.Qd3+ Kh8 19.Ng4 cxd4 20.b4 dxc3 21.Ba3 Ng5 22.Nxc3 Bf5 23.Qd1 f3
24.Ne3 Bxh3 25.Bd5 fxg2 26.Nxg2 Qf6 27.Rf1 Nd4 28.Qh5 Ngf3+ 29.Kh1 Qf5 30.Bxf3 Nxf3
31.Qxf5 Rxf5 32.Ne4 d5 33.Ng3 Rg5 34.Rad1 Rd8 35.b5 Rd7 36.Rc1 h5 37.Ne1 Rf7  0-1

[Event "23rd EYCC Girls U18 2013"]
[Site "Budva MNE"]
[Date "2013.10.08"]
[Round "9.16"]
[White "Mirzabekyan,S"]
[Black "Tuzi,Bruna"]
[Result "1-0"]
[WhiteElo "1894"]
[BlackElo "1687"]

1.e4 c5 2.Nf3 Nc6 3.Bb5 d6 4.Bxc6+ bxc6 5.O-O g6 6.c3 Bg7 7.d4 Qb6 8.e5 cxd4
9.cxd4 d5 10.Nc3 Bg4 11.Na4 Qb5 12.b3 Nh6 13.h3 Bxf3 14.Qxf3 Nf5 15.Qc3 e6
16.Ba3 Bf8 17.Bxf8 Kxf8 18.Nc5 a5 19.g4 Nh4 20.Qg3 g5 21.f4 h6 22.fxg5 hxg5
23.Nxe6+ Ke7 24.Nxg5 Raf8 25.e6 fxe6 26.Qc7+ Ke8 27.Qc8+ Ke7 28.Qxe6+ Kd8
29.Qd6+ Ke8 30.Rae1+  1-0

[Event "Pankrac Cup 2013"]
[Site "Prague CZE"]
[Date "2013.10.08"]
[Round "5"]
[White "Rasik,V"]
[Black "Kulhanek,T"]
[Result "1/2-1/2"]
[WhiteElo "2465"]
[BlackElo "2330"]

1.e4 c5 2.Nf3 Nc6 3.Bb5 g6 4.Bxc6 dxc6 5.d3 Bg7 6.h3 e5 7.Nbd2 Ne7 8.Nc4 Qc7
9.Be3 b6 10.a4 Be6 11.a5 Rd8 12.axb6 axb6 13.Qb1 Bxc4 14.dxc4 O-O 15.O-O h6
16.b4 cxb4 17.c5 b5 18.Qxb4 Ra8 19.Rfd1 Rxa1 20.Rxa1 Nc8 21.Bd2 Kh7 22.Bc3 f6
23.Ne1 h5 24.Nd3 Qd7 25.Ra6 Re8 26.Qa5 f5 27.Qa1 fxe4 28.Nxe5 Bxe5 29.Bxe5 g5
30.Bd4 Kg6 31.Be3 Ne7 32.Ra7 Qd5 33.Rc7 h4 34.Qd4 Qxd4 35.Bxd4 Rd8 36.Be3 Rd1+
37.Kh2 Kf6 38.Bxg5+ Kxg5 39.Rxe7 Rd2 40.c3 Rxf2 41.Rxe4  1/2-1/2

[Event "7th Univ Cent Open 2013"]
[Site "Bogota COL"]
[Date "2013.10.10"]
[Round "1.3"]
[White "Gonzalez Vidal,Y"]
[Black "Pina Vega,S"]
[Result "1-0"]
[WhiteElo "2523"]
[BlackElo "2298"]

1.e4 c5 2.Nf3 Nc6 3.Bb5 d6 4.Bxc6+ bxc6 5.O-O e5 6.c3 Bg4 7.d4 cxd4 8.cxd4 Bxf3
9.Qxf3 Nf6 10.Rd1 exd4 11.Rxd4 Qa5 12.Nc3 Qh5 13.Bf4 Qxf3 14.gxf3 O-O-O 15.Rad1 Ne8
16.Rc4 Kb7 17.Rd3 Be7 18.Ne2 c5 19.Nc3 Nc7 20.b4 Ne6 21.Be3 Rhe8 22.Nd5 Bf8
23.Ra3 Rd7 24.f4 f5 25.Rb3 Ka8 26.bxc5 Nxc5 27.Ra3 Kb8 28.e5 dxe5 29.Bxc5 Rxd5
30.Bxa7+ Kb7 31.Rb3+ Ka6 32.Be3 Re6 33.Rc8  1-0

[Event "7th Univ Cent Open 2013"]
[Site "Bogota COL"]
[Date "2013.10.10"]
[Round "1.8"]
[White "Marrero Lopez,Yan"]
[Black "Martinez Duany,L"]
[Result "0-1"]
[WhiteElo "2274"]
[BlackElo "2473"]

1.e4 c5 2.Nf3 Nc6 3.Bb5 g6 4.Bxc6 bxc6 5.O-O Bg7 6.d3 Nh6 7.Nc3 O-O 8.Be3 d6
9.h3 f5 10.Qd2 fxe4 11.dxe4 Nf7 12.Rad1 Qb6 13.Rb1 Qb4 14.Rfe1 Rb8 15.Bf4 Be6
16.e5 d5 17.a3 Qc4 18.b3 Qa6 19.Na4 Rb5 20.Nc3 Ra5 21.a4 Qb6 22.Ne2 Ra6 23.Ra1 Qb4
24.Nc1 Qxd2 25.Bxd2 Bf5 26.Nd3 Bxd3 27.cxd3 Rb8 28.Rab1 Rab6 29.Rbc1 Rxb3
30.Rxc5 Rxd3 31.Rxc6 Rxf3 32.gxf3 Nxe5 33.Rc3 Nc4 34.Rd3 Nxd2 35.Rxe7 Nc4
36.Rxd5 a5 37.Rc7 Nb2 38.Rxa5 Nd3 39.Rb5 Re8 40.Rb1 Bd4 41.Rd7 Ne5 42.Rd5 Nxf3+
43.Kg2 Nh4+ 44.Kf1 Nf3 45.Rd1 Bf6 46.a5 Ra8 47.Rb1 Kf7 48.Rb7+ Ke6 49.Rdb5 Bd8
50.Rxh7 Bxa5 51.Kg2 Nd4 52.Rg5 Kf6 53.Rd5 Nf5 54.h4 Bb6 55.Rd2 Ra3 56.Rc2 Bd4
57.Rc6+ Ke5 58.Rxg6 Ra2 59.Rh5 Kf4 60.Kh3 Ra3+ 61.Kg2 Rd3 62.Rgg5 Nxh4+ 63.Rxh4+ Kxg5
64.Rh3 Rd2 65.Rf3 Be5 66.Kh3 Bf4 67.Kg2 Kf5 68.Ra3 Be5 69.Rf3+ Ke4 70.Re3+ Kd5
71.Kf3 Bd4 72.Re2 Rd1 73.Kg2 Kc4 74.Ra2 Kb3 75.Re2 Ra1 76.Kf3 Kc3 77.Kg2 Ra8
78.f4 Kd3 79.Kf3 Ra1 80.Re8 Rf1+ 81.Kg4 Be3 82.Rd8+ Ke2 83.Rf8 Rg1+ 84.Kh4 Kf3
85.Ra8 Bxf4 86.Kh5 Rg5+ 87.Kh4 Rb5 88.Ra3+ Be3 89.Rc3 Rb6 90.Ra3 Ra6  0-1

[Event "7th Univ Cent Open 2013"]
[Site "Bogota COL"]
[Date "2013.10.10"]
[Round "2.11"]
[White "Alvarez Pedraza,A"]
[Black "Nunez V,D"]
[Result "1-0"]
[WhiteElo "2490"]
[BlackElo "2233"]

1.e4 c5 2.Nf3 Nc6 3.Bb5 e6 4.O-O Nge7 5.Re1 a6 6.Bf1 d5 7.d3 d4 8.a4 e5 9.Nbd2 f6
10.Nc4 Be6 11.Nfd2 b6 12.Be2 Bf7 13.h4 h5 14.f4 exf4 15.e5 Nxe5 16.Nxe5 fxe5
17.Bf3 Ra7 18.Rxe5 Qc7 19.Qe1 g6 20.a5 Bg7 21.axb6 Qxb6 22.Re4 Qc7 23.Nc4 Bh6
24.Ne5 O-O 25.Bxf4 Bxf4 26.Rxf4 Nf5 27.Rxf5 gxf5 28.Qg3+ Kh7 29.Qf4 Be8 30.g3 Qg7
31.Bd5 Qh6 32.Nf3 Qxf4 33.gxf4 Kg7 34.Ne5 Bb5 35.Kf2 Kf6 36.Bf3 Rg8 37.b3 Rag7
38.Bd5 Rd8 39.Bf3 Rd6 40.Rh1 Be8 41.Ra1 Ra7 42.Nc4 Re6 43.Bd5 Ree7 44.Bf3 Bb5
45.Nb6 Re6 46.Nd5+ Kg6 47.Rg1+ Kh6 48.Rg5 Be8 49.Rxf5 Bg6 50.Rf8 Re8 51.Rf6 Kg7
52.Rc6 Bf7 53.Nf6 Re3 54.Ne4 a5 55.Rxc5 a4 56.bxa4 Rxa4 57.f5 Ra7 58.f6+ Kh6
59.Rg5 Bg6 60.Kg3 Rc7 61.Nd6 Re6 62.f7 Bxf7 63.Nf5+ Kh7 64.Nxd4 Rf6 65.Be4+ Bg6
66.Bf3 Kh6 67.Kf2 Rd6 68.Ke3 Re7+ 69.Be4 Rf6 70.Rxg6+ Rxg6 71.Nf5+  1-0

[Event "7th Univ Cent Open 2013"]
[Site "Bogota COL"]
[Date "2013.10.10"]
[Round "2.31"]
[White "Leal Cortes,Diego Fernando"]
[Black "Fleites Marti,Y"]
[Result "0-1"]
[WhiteElo "1918"]
[BlackElo "2181"]

1.e4 c5 2.Nf3 Nc6 3.Bb5 e6 4.Bxc6 bxc6 5.O-O Ne7 6.b3 Ng6 7.Bb2 f6 8.e5 Be7
9.d3 O-O 10.Nbd2 fxe5 11.Nxe5 Nxe5 12.Bxe5 d6 13.Bb2 e5 14.Nc4 Qe8 15.Qd2 Rf4
16.Rae1 Qg6 17.Re3 Be6 18.Rg3 Qf7 19.Qe2 Rf5 20.Ne3 Rg5 21.Rxg5 Bxg5 22.Nc4 Bxc4
23.dxc4 Qg6 24.Bc1 Bxc1 25.Rxc1 Rf8 26.Rd1 Rf4 27.c3 h6 28.Qd3 Qxd3 29.Rxd3 Rf6
30.f3 Kf7 31.Kf2 Ke6 32.Ke3 d5 33.cxd5+ cxd5 34.g3 g5 35.b4 Kd6 36.a4 Rf7
37.Rd2 cxb4 38.cxb4 Rc7 39.Rd3 Rc2 40.Rd2 Rc4 41.Rb2 Rc3+ 42.Ke2 d4 43.a5 Ra3
44.h4 g4 45.fxg4 Rxg3 46.Kf2 Rxg4 47.b5 Rxh4 48.Kg3 Rf4 49.b6 axb6 50.Rxb6+ Kd5
51.Rxh6 d3 52.Rh8 Rf6 53.Rb8 Ke4 54.Rb4+ Ke3 55.Rb6 Rf3+ 56.Kg2 Rf2+ 57.Kg1 Ra2
58.a6 d2  0-1

[Event "TCh-ISL Div1 2013-14"]
[Site "Reykjavik ISL"]
[Date "2013.10.10"]
[Round "1.1"]
[White "Kristjansson,St"]
[Black "Karason,A"]
[Result "1-0"]
[WhiteElo "2491"]
[BlackElo "2224"]

1.e4 c5 2.Nf3 Nc6 3.Bb5 d6 4.Bxc6+ bxc6 5.O-O e5 6.d3 f5 7.Re1 Be7 8.Nbd2 Nf6
9.c3 fxe4 10.dxe4 Be6 11.Ng5 Bg8 12.Qa4 Qc7 13.f4 Nd7 14.Ndf3 h6 15.Nh3 Bf6
16.Nf2 Be6 17.f5 Bf7 18.g4 O-O-O 19.b4 d5 20.Rb1 cxb4 21.Qxb4 Rhe8 22.Be3 Nb6
23.Qa5 d4 24.cxd4 exd4 25.Bd2 Re5 26.Qa6+ Kd7 27.Nd3 Ke8 28.Rbc1 Kf8 29.Bf4  1-0

[Event "7th Univ Cent Open 2013"]
[Site "Bogota COL"]
[Date "2013.10.11"]
[Round "3.4"]
[White "Escobar Forero,A"]
[Black "Guzman Lozano,C"]
[Result "1-0"]
[WhiteElo "2455"]
[BlackElo "2060"]

1.e4 c5 2.Nf3 Nc6 3.Bb5 e6 4.O-O Nge7 5.c4 a6 6.Ba4 d6 7.d4 cxd4 8.Nxd4 Bd7
9.Nc3 Ng6 10.Be3 Be7 11.Bxc6 bxc6 12.c5 d5 13.exd5 exd5 14.Na4 O-O 15.Rc1 f5
16.f4 Qc7 17.Qd3 Rae8 18.g3 Bf6 19.Nf3 Re4 20.Bd4 Nxf4 21.gxf4 Qxf4 22.Rcd1 Be8
23.Kh1 Bh5 24.Nc3 Qg4 25.Bxf6 Rxf6 26.Rd2 Rg6 27.Rdf2 Qh3 28.Nxe4 fxe4 29.Ng5 Qc8
30.Qh3  1-0